• 首页
  • 本馆介绍
  • 公告通知
  • 最新文献
  • 馆藏检索
  • 电子资源
  • 读者导购
  • 参考咨询
  • 我的图书馆
  • 登录
  • 详细信息显示
  • 放入我的书架
  • 预约/预借图书
  • 作者相关作品
  • 分类相关作品
  • 丛书相关作品
  • 出版社相关作品

书目信息

  • 表格格式
  • 工作单格式
  • 卡片格式
题名:
智能运输系统概论
    
 
作者: 杨兆升 , 于德新 主编
分册:  
出版信息: 北京   人民交通出版社  2015.8
页数: 428页
开本: 26cm
丛书名:
单 册:
中图分类: F502
科图分类:
主题词: 智能运输系统--zhi neng yun shu xi tong--高等学校--教材
电子资源:
ISBN: 978-7-114-12464-8
000 01203nam0 2200301 450
001 2153170952
005 20211019151114.23
010    @a978-7-114-12464-8@dCNY49.00
100    @a20151022d2015 em y0chiy50 ea
101 0  @achi
102    @aCN@b110000
105    @aak a 000yy
106    @ar
200 1  @a智能运输系统概论@Azhi neng yun shu xi tong gai lun@f杨兆升, 于德新主编
205    @a3版
210    @a北京@c人民交通出版社@d2015.8
215    @a428页@c图@d26cm
300    @a普通高等教育“十一五”国家级规划教材 高等学校交通运输与工程类专业规划教材
312    @a英文并列题名取自封面
320    @a有书目 (第424-428页)
330    @a本书共包括20章,内容包括绪论、智能运输系统的体系框架、智能运输系统的理论基础、交通信息采集与处理技术、通信技术、车辆定位技术、网络技术、数据库技术、新技术在智能运输系统中的应用、交通信息服务系统、先进的公共交通系统、先进的交通管理系统等。
510 1  @aGenerality of intelligent transportation systems@zeng
606 0  @a智能运输系统@Azhi neng yun shu xi tong@x高等学校@j教材
690    @aF502@v4
701  0 @a杨兆升@Ayang zhao sheng@4主编
701  0 @a于德新@Ayu de xin@4主编
801  0 @aCN@b百万庄@c20211018
905    @b1311830-32@dF502@e6=3@f3
    
    智能运输系统概论/杨兆升, 于德新主编.-3版.-北京:人民交通出版社,2015.8
    428页:图;26cm
    普通高等教育“十一五”国家级规划教材 高等学校交通运输与工程类专业规划教材
    
    ISBN 978-7-114-12464-8:CNY49.00
    本书共包括20章,内容包括绪论、智能运输系统的体系框架、智能运输系统的理论基础、交通信息采集与处理技术、通信技术、车辆定位技术、网络技术、数据库技术、新技术在智能运输系统中的应用、交通信息服务系统、先进的公共交通系统、先进的交通管理系统等。
●
相关链接 在E读中查询图书 在五车中查询图书 在当当中查询图书 在豆瓣中查询图书


正题名:智能运输系统概论     索取号:F502/6=3         预约/预借

序号 登录号 条形码 馆藏地/架位号 状态 备注
1 1311830   213118302   第一样本阅览室/ [索取号:F502/6=3] 在馆    
2 1311831   213118311   第一借阅区/ [索取号:F502/6=3] 在馆    
3 1311832   213118320   第一借阅区/ [索取号:F502/6=3] 在馆    
唐山师范学院图书馆 欢迎您!
大连网信软件有限公司© 版权所有